10 largest Indian States - Statistics

General Stats
  • This quiz has been taken 19 times
  • The average score is 7 of 10
Answer Stats
Answer % Correct
Tamil Nadu
94%
Rajasthan
83%
Uttar Pradesh
83%
Madhya Pradesh
78%
Maharashtra
78%
Andhra Pradesh
67%
Gujarat
67%
Karnataka
67%
Ladakh
22%
Telengana
22%
No matching quizzes found
Score Distribution
Percent of People with Each Score
Percentile by Number Answered
Your Score History
You have not taken this quiz